000 00323nam a2200121Ia 4500
008 190216s9999||||xx |||||||||||||| ||und||
100 _aRadhey Mohan Srivastava
245 0 _aFinancial Decision Making Text Problems And Cases
260 _bSterling Publications
_c1984
300 _a1046p
650 _aEconomics
942 _cBK
999 _c9622
_d9622